Pays non limitrophes les plus proches de la mer Méditerranée - Statistiques

Statistiques générales
  • Ce quiz a été pris 229 fois
  • Le résultat moyen est 15 sur 20
Statistiques - réponses
km pays % Correct
156 Suisse
94%
106 Serbie
91%
82 Autriche
89%
204 Hongrie
86%
10 Saint-Marin
84%
22 Vatican
83%
103 Andorre
82%
83 Kosovo
82%
57 Macédoine du Nord
81%
293 Roumanie
78%
30 Bulgarie
76%
271 Liechtenstein
76%
367 Slovaquie
76%
190 Allemagne
70%
164 Portugal
70%
63 Jordanie
64%
531 Ukraine
62%
290 Irak
60%
313 Tchèquie
60%
226 Arabie Saoudite
54%
Aucun quiz correspondant
Distribution des résultats
% des personnes avec chaque résultat
Percentile par nombre de réponses
Votre historique - résultats
Vous n’avez pas pris ce quiz